Vlastníctvo v ekonómii a práve

Ekonomická a právna podstata vlastníctva. Pojem vlastníckeho práva. Vlastníctvo a vlastnícke právo. Predmet vlastníckeho práva v práve a ekonómii. Vývoj a formy vlastníctva.

Gespeichert in:
Bibliographische Detailangaben
1. Verfasser: Uramová, Mária
Weitere Verfasser: Hudec, Ján
Format: Buchkapitel
Sprache:Slowakisch
Schlagworte:
Tags: Tag hinzufügen
Keine Tags, Fügen Sie das erste Tag hinzu!

MARC

LEADER 00000naa a2200000 4500
001 0150373
005 20231204131913.2
041 0 |a slo 
044 |a SK 
245 1 0 |a Vlastníctvo v ekonómii a práve  |c Mária Uramová, Ján Hudec 
520 |a Ekonomická a právna podstata vlastníctva. Pojem vlastníckeho práva. Vlastníctvo a vlastnícke právo. Predmet vlastníckeho práva v práve a ekonómii. Vývoj a formy vlastníctva. 
610 2 0 |a právo vlastnícke 
610 2 0 |a vlastníctvo 
610 2 0 |a právo 
610 2 0 |a pojmy 
610 2 0 |a ekonómia 
610 2 0 |a história 
100 1 |a Uramová, Mária 
700 1 |a Hudec, Ján